Catálogo

Pintura y escultura españolas del siglo XIX / (Registro nro. 21029)

Detalles MARC
000 -LEADER
fixed length control field 01297cam a2200349 i 4500
001 - CONTROL NUMBER
control field 21029
003 - CONTROL NUMBER IDENTIFIER
control field Mx-PuUPA
005 - DATE AND TIME OF LATEST TRANSACTION
control field 20220222122418.0
008 - FIXED-LENGTH DATA ELEMENTS--GENERAL INFORMATION
fixed length control field 140415s1996 sp a gre 001 0 spa d
017 ## - COPYRIGHT OR LEGAL DEPOSIT NUMBER
Copyright or legal deposit number M. 6.106-1961
020 ## - INTERNATIONAL STANDARD BOOK NUMBER
International Standard Book Number 8423954765
Qualifying information tomo 35-I
040 ## - CATALOGING SOURCE
Original cataloging agency Mx-PuUPA
Language of cataloging spa
Transcribing agency Mx-PuUPA
Modifying agency Mx-PuUPA
Description conventions rda
041 0# - LANGUAGE CODE
Language code of text/sound track or separate title spa
100 1# - MAIN ENTRY--PERSONAL NAME
9 (RLIN) 12085
Personal name Gómez-Moreno, María Elena,
Dates associated with a name 1907-1998
Relator term autor
245 00 - TITLE STATEMENT
Title Pintura y escultura españolas del siglo XIX /
Statement of responsibility, etc. María Elena Gómez-Moreno
250 ## - EDITION STATEMENT
Edition statement Tercera edición
264 #1 - PRODUCTION, PUBLICATION, DISTRIBUTION, MANUFACTURE, AND COPYRIGHT NOTICE
Place of production, publication, distribution, manufacture Madrid :
Name of producer, publisher, distributor, manufacturer Espasa-Calpe,
Date of production, publication, distribution, manufacture, or copyright notice 1996
-- ©1993
300 ## - PHYSICAL DESCRIPTION
Extent 567 páginas :
Other physical details ilustraciones (algunas a color) ;
Dimensions 28 cm
336 ## - CONTENT TYPE
Fuente rdacontent
Content type term texto
Content type code txt
336 ## - CONTENT TYPE
Fuente rdacontent
Content type term imagen fija
Content type code sti
337 ## - MEDIA TYPE
Source rdamedia
Media type term sin medio
Media type code n
338 ## - CARRIER TYPE
Source rdacarrier
Carrier type term volumen
Carrier type code nc
490 1# - SERIES STATEMENT
Series statement Summa artis, historia general del arte ;
Volume/sequential designation 35-I
650 #7 - SUBJECT ADDED ENTRY--TOPICAL TERM
Topical term or geographic name entry element Arte
General subdivision Historia
Source of heading or term armarc
655 #7 - INDEX TERM--GENRE/FORM
Source of term armarc
Genre/form data or focus term Enciclopedias
785 00 - SUCCEEDING ENTRY
Main entry heading Navascués Palacios, Pedro,
Edition Cuart edición
Place, publisher, and date of publication Madrid : Espasa-Calpe, 1997
Title Arquitectura española 1808-1914
Record control number (Mx-PuUPA) 21028
International Standard Book Number 8423954773
830 #0 - SERIES ADDED ENTRY--UNIFORM TITLE
9 (RLIN) 12114
Uniform title Summa artis, historia general del arte
Volume/sequential designation 35-I
942 ## - ADDED ENTRY ELEMENTS (KOHA)
Source of classification or shelving scheme Dewey Decimal Classification
Koha item type Libro
Classification part 709
Item part S955
Existencias
Withdrawn status Lost status Source of classification or shelving scheme Damaged status Not for loan Collection code Home library Current library Shelving location Date acquired Source of acquisition Serial Enumeration / chronology Total Checkouts Full call number Barcode Date last seen Price effective from Koha item type
    Dewey Decimal Classification     Referencia Biblioteca Karol Wojtyla Biblioteca Karol Wojtyla Área de silencio 03/12/2013 Compra v.35-1   709 S955 1993 41137 05/01/2026 03/12/2013 Libro R